| 000 | 00835nam a22001937a 4500 | ||
|---|---|---|---|
| 999 |
_c196363 _d196363 |
||
| 005 | 20230704123406.0 | ||
| 010 | _aB-755219-235 CHEN 25.5.23 | ||
| 020 |
_a9788123705088 _c45.00 |
||
| 035 | _aB-755219-235 | ||
| 037 | _bNational Book Trust, India | ||
| 082 | _aS | ||
| 100 | _aJoshi,Uma Shankar | ||
| 245 |
_aStories From Bapu's Life / _cby Uma Shankar Joshi |
||
| 260 |
_aNew Delhi _bNational Book Trust, India _c2020(repr.) |
||
| 270 |
_aNehru Bhawan,5 Institutional Area, Phase-II Vasant Kunj, _bNew Delhi _e110070 |
||
| 300 |
_a32p. _bcol.ill _c24cm(pbk) |
||
| 942 |
_2ddc _cCH _mJOS _hS |
||